000
00260nam a22001217a 4500
041
_a
ENG
100
_a
Reynolds .P
245
_a
Climate Change & Crop Production
260
_a
Delhi
_b
Cabi. Org
_c
2011
300
_a
292
650
_a
IDE
856
_u
IDE ( 44 )
999
_c
1591
_d
1591